[Event "45th Olympiad 2024"]
[Site "Budapest HUN"]
[Date "2024.09.14"]
[Round "4.31"]
[Board "3"]
[White "Mushore, Emarald Takudzwa"]
[Black "Avila Pavas, Santiago"]
[Result "0-1"]
[WhiteElo "2150"]
[BlackElo "2485"]
[PlyCount "68"]
[EventDate "2024.09.11"]
[WhiteTeam "Zimbabwe"]
[BlackTeam "Colombia"]
[WhiteTeamCountry "ZIM"]
[BlackTeamCountry "COL"]

1. e4 c5 2. Nf3 Nc6 3. d4 cxd4 4. Nxd4 g6 5. Nc3 Bg7 6. Be3 Nf6 7. Bc4 O-O 8. Bb3 d5 9. exd5 Na5 10. h3 ({RR} 10. Qf3 Nxb3 11. axb3 Bg4 12. Qg3 Bh5 13. d6 Ng4 14. O-O-O Qa5 15. dxe7 Rfe8 16. Qd6 Be5 17. Qd5 Qc7 18. Rd3 Rxe7 19. h3 Nxe3 20. fxe3 g5 21. Nf5 Re6 22. Ne4 Bg6 23. g4 Rae8 24. Nxg5 Rc6 {1-0 Ponomariov,R (2709)-Gelfand,B (2743) Amir Timur 680 rapid 2016 (11)}) 10... Nxb3 11. Nxb3 b5 12. O-O $146 ({RR} 12. Nxb5 Nxd5 13. Bd4 e5 14. Bc5 Nf4 15. Qxd8 Rxd8 16. O-O Ba6 17. a4 Ne6 18. Be3 e4 19. Rab1 Rdc8 20. Rfc1 Rc4 21. Nxa7 f5 22. Nb5 f4 23. Bd2 Rxa4 24. Nc3 Rc4 25. Ra1 Bb7 26. Rxa8+ Bxa8 {½-½ Lagarde,M (2594)-Chu,W (2340) Corsica Coca Cola blitz op 2017 (5)}) ({RR} 12. Nxb5 Nxd5 13. Bd4 e5 14. Bc5 Nf4 15. Bxf8 Qxf8 16. Qd6 Nxg2+ 17. Kf1 Bb7 18. Qxf8+ Bxf8 19. Rg1 Nf4 20. c4 Be4 21. Rg3 Bd3+ 22. Rxd3 Nxd3 23. Ke2 Nxb2 24. c5 e4 25. Rc1 Nd3 26. Rc4 a6 {½-½ Farokhi,K (2298)-Citak,S (2350) 51st Rilton Cup 2023-24 (8.22)}) ({RR} 12. d6 b4 13. Ne2 Bb7 14. O-O Nd5 15. Bd4 e5 16. Bc5 Qg5 17. Qd2 Qxd2 18. Nxd2 Rfc8 19. Nb3 a5 20. a4 Nf6 21. Rfd1 Nd7 22. Be3 Be4 23. Rd2 Bxc2 24. Nc5 Bf5 25. Rc1 Nxc5 26. Rxc5 Rxc5 {0-1 Huang,R (2280)-Li,D (2452) Longtou Cup 1st 2018 (6)}) 12... b4 13. Ne2 Nxd5 14. Bd4 e5 15. Bc5 Re8 16. a3 Bb7 17. Ng3 a5 18. axb4 axb4 19. Re1 Rxa1 20. Qxa1 Nf4 21. Rd1 Qc8 22. Qa7 Bxg2 23. Qd7 Bf3 24. Qxc8 Rxc8 25. Rd2 Bh6 26. Bxb4 Nxh3+ 27. Kh2 Bxd2 28. Nxd2 Bg4 29. Nge4 f5 30. Nd6 Rxc2 31. f3 Ng5 32. fxg4 Nf3+ 33. Kg3 Nxd2 34. gxf5 Rxb2 0-1

[Event "45th Olympiad 2024"]
[Site "Budapest HUN"]
[Date "2024.09.14"]
[Round "4.31"]
[Board "4"]
[White "Valderrama Quiceno, Esteban Alb"]
[Black "Mapuranga, Vitalis"]
[Result "1-0"]
[WhiteElo "2418"]
[BlackElo "2013"]
[PlyCount "117"]
[EventDate "2024.09.11"]
[WhiteTeam "Colombia"]
[BlackTeam "Zimbabwe"]
[WhiteTeamCountry "COL"]
[BlackTeamCountry "ZIM"]

1. e4 e6 2. d4 d5 3. Nd2 dxe4 4. Nxe4 Bd7 5. Nf3 Bc6 6. Bd3 Nd7 7. O-O Ngf6 8. Ned2 Be7 9. Re1 b6 10. Ne5 ({RR} 10. Nc4 Bb7 11. Nce5 O-O 12. Qe2 h6 13. Bf4 c5 14. Rad1 cxd4 15. Nxd4 Nxe5 16. Bxe5 Qd5 17. Qf1 Qc5 18. a3 Rfd8 19. b4 Qc8 20. Qe2 a5 21. c3 axb4 22. axb4 Qxc3 23. Nxe6 Qc6 24. Nf4 Bxb4 {½-½ Piorun,K (2653)-Duda,J (2724) POL-chT rapid 2018 (3.17)}) ({RR} 10. a4 O-O 11. a5 Bxf3 12. Nxf3 c5 13. a6 Rc8 14. Bb5 Qc7 15. c3 Rfd8 16. Qe2 Bd6 17. Ra4 Nf8 18. g3 Ng6 19. Rd1 Bf8 20. Kg2 Ne8 21. h4 Rd5 22. h5 Rxh5 23. d5 Nd6 24. dxe6 Nxb5 {1-0 Schoppen,C (2546)-Van Liempt,M (2126) Dutch League 2023-24 (9.2)}) 10... Bb7 11. Bb5 Qc8 $146 ({RR} 11... O-O 12. Bc6 Qc8 13. Ndf3 Bd6 14. Bxb7 Qxb7 15. Bg5 c5 16. c3 b5 17. Nxd7 Nxd7 18. dxc5 Bxc5 19. b4 Bb6 20. Qd3 Rfc8 21. a4 bxa4 22. Rxa4 Qd5 23. Qxd5 exd5 24. Ra3 Nf6 25. Bxf6 gxf6 26. g3 {1-0 Harikrishna,P (2738)-Miton,K (2596) CZE-chT 1718 2017 (3.2)}) 12. Ne4 c6 13. Nxf7 Nxe4 14. Nxh8 cxb5 15. Qh5+ g6 16. Qxh7 Nf8 17. Qf7+ Kd7 18. Bf4 g5 19. Be5 Qe8 20. f3 Qxf7 21. Nxf7 Ke8 22. Nh6 Nf6 23. c3 Rc8 24. Nf5 Nd5 25. Nd6+ Bxd6 26. Bxd6 Kd7 27. Bxf8 Rxf8 28. Re5 Rg8 29. h3 a6 30. a4 bxa4 31. Rxa4 Ne7 32. Kf2 Nc6 33. Re4 Rf8 34. Rg4 Rf5 35. h4 gxh4 36. Rg7+ Ne7 37. Rh7 Rf4 38. Ra1 h3 39. Rxh3 Rf7 40. Rah1 Be4 41. Rh8 b5 42. Ke2 Bc6 43. R1h7 Rxh7 44. Rxh7 a5 45. g4 a4 46. Rh6 Bd5 47. Ke3 Ke8 48. Kf4 Nc6 49. Kg5 Bxf3 50. Rxe6+ Kd7 51. Re3 Bd5 52. Kf6 Kd6 53. g5 b4 54. cxb4 Nxb4 55. g6 Nc6 56. g7 Nxd4 57. Ra3 Nb5 58. Rd3 Nc7 59. g8=Q 1-0

[Event "45th Olympiad 2024"]
[Site "Budapest HUN"]
[Date "2024.09.14"]
[Round "4.32"]
[Board "1"]
[White "Mwali, Chitumbo"]
[Black "Stefansson, Vignir Vatnar"]
[Result "0-1"]
[WhiteElo "2312"]
[BlackElo "2531"]
[PlyCount "50"]
[EventDate "2024.09.11"]
[WhiteTeam "Zambia"]
[BlackTeam "Iceland"]
[WhiteTeamCountry "ZAM"]
[BlackTeamCountry "ISL"]

1. c4 e5 2. g3 h5 3. h4 Nc6 4. Bg2 Bc5 5. Nc3 d6 6. a3 a5 7. d3 Bg4 ({RR} 7... Ba7 8. Rb1 Nge7 9. b4 Nd4 10. e3 Ne6 11. Nge2 c6 12. d4 exd4 13. exd4 d5 14. cxd5 Nxd5 15. Nxd5 cxd5 16. O-O O-O 17. bxa5 Qxa5 18. Bd2 Qa6 19. Bb4 Rd8 20. Nc3 Qc4 21. Qxh5 g6 22. Qf3 {½-½ Nemeth,Z (2212)-Fodor,B (2244) Budapest 1 Week Aug IMA 2024 (6.2)}) 8. Nf3 Qd7 9. Nd5 Nge7 $146 ({RR} 9... Nf6 10. Be3 Nxd5 11. cxd5 Nd4 12. Bxd4 exd4 13. O-O O-O 14. Qd2 a4 15. Qf4 Qf5 16. Qxf5 Bxf5 17. Nd2 b5 18. b4 axb3 19. Nxb3 Bb6 20. Rfb1 Ra4 21. Bf3 g6 22. Nd2 Bd7 23. Rb3 Rfa8 24. Kg2 {0-1 Kirby,P (2014)-Laurusas,T (2437) Olympiad-42 Baku 2016 (1.1)}) 10. Ne3 Bxe3 11. Bxe3 O-O 12. Nh2 Bf5 13. Bf3 Bg6 14. g4 hxg4 15. Bxg4 f5 16. Bh3 Bh5 17. Rg1 Qe8 18. Bh6 Ng6 19. Qd2 Nd4 20. Qg5 Nxe2 21. Kd2 Nef4 22. Bg2 e4 23. dxe4 Qe5 24. Kc2 Qd4 25. Rac1 Qd3# 0-1

[Event "45th Olympiad 2024"]
[Site "Budapest HUN"]
[Date "2024.09.14"]
[Round "4.32"]
[Board "2"]
[White "Kjartansson, Gudmundur"]
[Black "Kayonde, Andrew"]
[Result "1-0"]
[WhiteElo "2478"]
[BlackElo "2338"]
[PlyCount "37"]
[EventDate "2024.09.11"]
[WhiteTeam "Iceland"]
[BlackTeam "Zambia"]
[WhiteTeamCountry "ISL"]
[BlackTeamCountry "ZAM"]

1. e4 c6 2. Nf3 d5 3. d3 Qc7 4. Nc3 dxe4 5. dxe4 e5 6. Bc4 Bg4 7. h3 Bh5 8. g4 Bg6 9. Nh4 Nd7 ({RR} 9... Bb4 10. Qf3 Nf6 11. Nxg6 hxg6 12. Bd2 b5 13. Bb3 Na6 14. g5 Nh5 15. a3 Bd6 16. a4 b4 17. Ne2 Nc5 18. O-O-O a5 19. Kb1 Rd8 20. h4 Nxb3 21. Qxb3 Bc5 22. f3 O-O 23. Be3 Qb6 24. Bc1 {1-0 Sindarov,J (2674)-Mamedyarov,S (2726) 2nd Kasimdzhanov Cup 2024 (1.2)}) 10. Qf3 Nc5 $146 ({RR} 10... Nb6 11. Nxg6 hxg6 12. Bb3 Nf6 13. a4 Bb4 14. a5 Nc8 15. Bg5 Nh7 16. Be3 Nd6 17. a6 b6 18. O-O-O Rd8 19. h4 Bxc3 20. bxc3 Nf6 21. Bg5 Ke7 22. h5 gxh5 23. gxh5 Nde8 24. Rxd8 Qxd8 25. Qf5 {1-0 Dragun,K (2561)-Liang,J (2367) Charlotte CCCSA Fall GM 2020 (4)}) ({RR} 10... Nb6 11. Bb3 O-O-O 12. Bd2 Nf6 13. O-O-O Kb8 14. a3 Nbd7 15. Nxg6 fxg6 16. Qg2 Bd6 17. h4 Nc5 18. Ba2 Qe7 19. f3 Rd7 20. Be3 Rhd8 21. Qf2 b6 22. h5 Nb7 23. hxg6 hxg6 24. b4 c5 25. g5 {½-½ Jones,G (2626)-Sedlak,N (2472) Bundesliga 2022-23 (7.6)}) 11. Bd2 b5 12. Nxb5 cxb5 13. Bxb5+ Ke7 14. Nxg6+ hxg6 15. O-O-O Rb8 16. Bc4 Ne6 17. Qa3+ Qc5 18. Qa4 g5 19. Bxg5+ 1-0

[Event "45th Olympiad 2024"]
[Site "Budapest HUN"]
[Date "2024.09.14"]
[Round "4.32"]
[Board "3"]
[White "Mulenga, Prince Daniel"]
[Black "Stefansson, Hannes"]
[Result "0-1"]
[WhiteElo "2184"]
[BlackElo "2471"]
[PlyCount "110"]
[EventDate "2024.09.11"]
[WhiteTeam "Zambia"]
[BlackTeam "Iceland"]
[WhiteTeamCountry "ZAM"]
[BlackTeamCountry "ISL"]

1. d4 Nf6 2. c4 b6 3. Nc3 Bb7 4. Nf3 g6 5. g3 Bg7 6. Bg2 O-O 7. O-O Ne4 8. Bd2 d6 9. Rc1 Nd7 10. d5 Nxd2 11. Qxd2 c5 ({RR} 11... c6 12. Nd4 c5 13. Nc6 Qe8 14. Nb5 Bf6 15. Nc7 Qc8 16. Nxa8 Qxa8 17. b3 Ne5 18. Nxe5 Bxe5 19. e3 h5 20. f4 Bf6 21. Bh3 Kg7 22. e4 Bd4+ 23. Kh1 f6 24. Be6 Rh8 25. h4 Bc8 26. Bxc8 {1-0 Abdyjapar,A (2357)-Martin Barcelo,C (2234) Titled Tue 2nd Jul Late 2024 (5)}) 12. dxc6 Bxc6 13. Nd4 $146 ({RR} 13. b4 Rc8 14. Nd5 Ne5 15. Nd4 Ba8 16. Ne3 Bxg2 17. Kxg2 Nc6 18. Nxc6 Rxc6 19. b5 Rc5 20. Nd5 Qd7 21. Nb4 Rh5 22. Rh1 Qh3+ 23. Kg1 f5 24. Qd5+ Kh8 25. Qe6 Qg4 26. Nd5 Rh6 27. Qxe7 g5 {1-0 Muradli,M (2121)-Henderson de la Fuente,L (2180) Wch U12 Porto Carras 2015 (10)}) 13... Bxg2 14. Kxg2 Qc8 15. b3 Qb7+ 16. f3 a6 17. Rfd1 Rfe8 18. e4 Rad8 19. h4 h5 20. Rc2 Ne5 21. Rcc1 Rd7 22. Rc2 Rc8 23. Qe2 e6 24. a4 Bh6 25. f4 Ng4 26. Nf3 Bg7 27. Rd3 Re8 28. Rcd2 Qc6 29. e5 Red8 30. Qe4 Qc5 31. Qe2 Qc7 32. exd6 Rxd6 33. Rxd6 Rxd6 34. Rxd6 Qxd6 35. Ne4 Qa3 36. Qd3 Qb2+ 37. Ned2 Bf6 38. Qb1 Qc3 39. Ne4 Qe3 40. Nxf6+ Nxf6 41. Qd1 Kg7 42. Ne5 Ne4 43. Qf3 Qd2+ 44. Kg1 Qd4+ 45. Kg2 a5 46. Qe2 Nc5 47. Nf3 Qc3 48. Qf2 Kf6 49. Ng5 Ke7 50. Qe2 Qxb3 51. Qe5 Qc2+ 52. Kg1 Qd1+ 53. Kg2 f6 54. Qc7+ Nd7 55. Ne4 Qc2+ 0-1

[Event "45th Olympiad 2024"]
[Site "Budapest HUN"]
[Date "2024.09.14"]
[Round "4.32"]
[Board "4"]
[White "Heimisson, Hilmir Freyr"]
[Black "Kaoma, Micheal"]
[Result "1-0"]
[WhiteElo "2391"]
[BlackElo "2161"]
[PlyCount "93"]
[EventDate "2024.09.11"]
[WhiteTeam "Iceland"]
[BlackTeam "Zambia"]
[WhiteTeamCountry "ISL"]
[BlackTeamCountry "ZAM"]

1. e4 c5 2. Nc3 Nc6 3. Nf3 e6 4. d4 cxd4 5. Nxd4 Nf6 6. Be2 Bb4 7. O-O Qc7 ({RR} 7... d6 8. Nxc6 bxc6 9. Bd3 O-O 10. Bd2 e5 11. Re1 a5 12. Na4 Bxd2 13. Qxd2 Be6 14. c4 Nd7 15. Rad1 Nc5 16. Bc2 Qb8 17. Qxd6 Nxa4 18. Bxa4 Qxb2 19. Bxc6 Ra6 20. Qe7 Qb4 21. Qxb4 axb4 22. Bb5 {½-½ Sindarov,J (2681)-Kramnik,V (2753) Zakovat Gambit Final 2023 (8.1)}) ({RR} 7... d6 8. Nxc6 bxc6 9. Qd3 O-O 10. a3 Bxc3 11. Qxc3 Qc7 12. Bd3 e5 13. Bg5 Nd7 14. b4 Re8 15. Bc4 Nf8 16. f4 d5 17. Bb3 h6 18. Bxh6 gxh6 19. exd5 exf4 20. Qf6 Qe5 21. Qxc6 Bg4 22. Qxh6 {0-1 Vega Gutierrez,S (2383)-Sieber,F (2222) 24th ch-EUR Indiv w 2024 (8.12)}) 8. Ndb5 Qb8 9. Be3 $146 ({RR} 9. a3 Be7 10. Kh1 O-O 11. f4 d6 12. Bf3 Rd8 13. Be3 b6 14. Qe1 Bb7 15. Rd1 Bf8 16. Qf2 Na5 17. Nxa7 Nc4 18. Nab5 Nxb2 19. Rb1 Nc4 20. Bxb6 Nxb6 21. Qxb6 Nd7 22. Qe3 Nc5 23. Rfd1 Rc8 {1-0 Novy,F (2143)-Kozusek,D (2250) CZE-ch U20 Kouty nad Desnou 2018 (2)}) 9... b6 10. f4 O-O 11. e5 Ne8 12. Qe1 d5 13. Rf3 a6 14. Nd4 Nxd4 15. Bxd4 Bc5 16. Rd1 f5 17. Na4 Bxd4+ 18. Rxd4 Bd7 19. Qh4 Bxa4 20. Rxa4 b5 21. Raa3 Rf7 22. Rh3 g6 23. Rac3 Qb6+ 24. Qf2 d4 25. Rhd3 Rd8 26. Bf3 Nc7 27. Rc6 Qa5 28. a3 b4 29. Qd2 Nd5 30. Rxd4 Qb5 31. Bxd5 exd5 32. Rd6 Rxd6 33. exd6 bxa3 34. bxa3 Qc5 35. Qb4 Qxc2 36. Rxd5 Rd7 37. h3 a5 38. Qe1 Kf7 39. Re5 Qc6 40. Re7+ Kf8 41. Qe5 Rxe7 42. Qh8+ Kf7 43. Qxh7+ Ke6 44. Qxe7+ Kd5 45. Qe5+ Kc4 46. Kh2 a4 47. Qe7 1-0

[Event "45th Olympiad 2024"]
[Site "Budapest HUN"]
[Date "2024.09.14"]
[Round "4.33"]
[Board "1"]
[White "Henriquez Villagra, Cristobal"]
[Black "Santos Flores, Alberto"]
[Result "1-0"]
[WhiteElo "2604"]
[BlackElo "2168"]
[PlyCount "73"]
[EventDate "2024.09.11"]
[WhiteTeam "Chile"]
[BlackTeam "Ecuador"]
[WhiteTeamCountry "CHI"]
[BlackTeamCountry "ECU"]

1. e4 e6 2. d4 d5 3. e5 c5 4. c3 Qb6 5. Nf3 Nc6 6. Bd3 cxd4 7. O-O Bd7 8. Re1 a6 9. Nbd2 dxc3 10. bxc3 Bc5 11. Qe2 Na5 12. Rb1 Qa7 $146 ({RR} 12... Qc7 13. h4 Ne7 14. Nd4 Ng6 15. N2f3 Ne7 16. h5 h6 17. Bf4 Rd8 18. Nh2 Nc4 19. Ng4 Nc6 20. Nb3 Ba7 21. Qf3 b5 22. Qg3 Qb6 23. Re2 Bc8 24. Ne3 Kf8 25. Nc2 Bb7 26. Ncd4 Nxd4 27. Nxd4 {0-1 Ozalp,B (2127)-Khalesi,V (2059) 7th Baskent University Op 2024 (3.8)}) ({RR} 12... Qd8 13. c4 dxc4 14. Nxc4 Nxc4 15. Bxc4 Bc6 16. Rd1 Qc8 17. Ng5 h6 18. Bxe6 hxg5 19. Bxc8 Rxc8 20. Bxg5 Ne7 21. Rbc1 Ba3 22. Rxc6 Nxc6 23. Qd3 O-O 24. Qxa3 Nxe5 25. Qb2 {1-0 Trailovic,A (2127)-Janjic,S (2194) Belgrade-chT Quality 2020 (6.2)}) 13. Nd4 Ne7 14. N2b3 Nxb3 15. Nxb3 Bb6 16. Ba3 Ng6 17. g3 Ba4 18. h4 Bxb3 19. axb3 Bc5 20. b4 Bb6 21. Rb3 Ne7 22. b5 a5 23. Qg4 Kf8 24. Bxe7+ Kxe7 25. Qxg7 Rag8 26. Qf6+ Ke8 27. Kf1 Qb8 28. c4 d4 29. c5 Bxc5 30. b6 h5 31. Rc1 Be7 32. Qf3 Bd8 33. Rc7 Rg7 34. Rxb7 Qxe5 35. Qc6+ Kf8 36. Rd7 Qb8 37. Qc5+ 1-0

[Event "45th Olympiad 2024"]
[Site "Budapest HUN"]
[Date "2024.09.14"]
[Round "4.33"]
[Board "2"]
[White "Noboa Silva, Kevin"]
[Black "Salinas Herrera, Pablo"]
[Result "1/2-1/2"]
[WhiteElo "2270"]
[BlackElo "2479"]
[PlyCount "160"]
[EventDate "2024.09.11"]
[WhiteTeam "Ecuador"]
[BlackTeam "Chile"]
[WhiteTeamCountry "ECU"]
[BlackTeamCountry "CHI"]

1. d4 d5 2. c4 e6 3. Nc3 Nf6 4. cxd5 exd5 5. Bg5 c6 6. e3 h6 7. Bh4 Be7 8. Bd3 O-O 9. Nge2 Re8 10. O-O Nbd7 11. f3 b5 12. Bf2 a5 13. Ng3 ({RR} 13. Rc1 Nb6 14. Rc2 Ba6 15. Ng3 b4 16. Nce2 Bxd3 17. Qxd3 Rc8 18. Rfc1 Qd7 19. Qf5 Qb7 20. e4 dxe4 21. fxe4 Bf8 22. Nf4 Nbd7 23. Nd3 g6 24. Qf3 h5 25. e5 Nd5 26. Ne4 Be7 27. Kh1 Nf8 {1-0 Winkelman,A (2243)-Coles,R (2084) 57th Biel Master Open 2024 (10.35)}) 13... b4 14. Nce2 c5 15. dxc5 $146 ({RR} 15. b3 Qb6 16. Rc1 Ba6 17. Nf5 Bf8 18. g4 g6 19. Nfg3 cxd4 20. exd4 Bxd3 21. Qxd3 Qa6 22. Qd2 a4 23. Rc2 Rec8 24. Rfc1 Rxc2 25. Qxc2 axb3 26. axb3 Nb6 27. Qd1 Ne8 28. Kg2 Nd6 29. Nf4 Nb5 {1-0 Pavlidou,E (2143)-Shpanko,N (2177) 24th European Teams Women 2023 (9.6)}) 15... Bxc5 16. Nd4 Qb6 17. Nge2 Ba6 18. Bxa6 Qxa6 19. Nf4 Ne5 20. Rc1 Bf8 21. b3 Rac8 22. Qe2 Qa8 23. Nd3 Ned7 24. Qd2 Qa6 25. Rfd1 g6 26. Ne2 Bg7 27. Ndf4 Ne5 28. Rxc8 Rxc8 29. Rc1 Rxc1+ 30. Nxc1 Qc6 31. Nce2 g5 32. Nd4 Qa6 33. Nfe2 g4 34. Bg3 gxf3 35. gxf3 Nfd7 36. Qc2 Bf8 37. Kg2 Nd3 38. Qc6 Qxc6 39. Nxc6 Bc5 40. Bf2 N7e5 41. Nxe5 Nxe5 42. Nf4 Kf8 43. Nxd5 Nd3 44. Bg3 Nc1 45. Bc7 Nxa2 46. Bxa5 f5 47. Kf1 Kf7 48. Ke1 Nc1 49. Kd1 Nxb3 50. Bxb4 Bxb4 51. Nxb4 Kg6 52. Nd3 Na5 53. Ke2 Nc6 54. Kf2 Ne7 55. Kg3 Kf6 56. Nf4 Kg5 57. h3 Kf6 58. Kh4 Kf7 59. Kh5 Kg7 60. Ne6+ Kh7 61. Nd4 Kg7 62. h4 Kh7 63. e4 Ng8 64. e5 Ne7 65. f4 Kg7 66. Ne6+ Kh7 67. Ng5+ Kg7 68. Nf7 Nd5 69. Nxh6 Nxf4+ 70. Kg5 Ne6+ 71. Kxf5 Nd4+ 72. Ke4 Ne6 73. Nf5+ Kg6 74. Ng3 Kf7 75. Ne2 Nc5+ 76. Kd5 Ne6 77. Nd4 Ng7 78. Kd6 Kg6 79. e6 Kh5 80. Ke5 Nxe6 1/2-1/2

[Event "45th Olympiad 2024"]
[Site "Budapest HUN"]
[Date "2024.09.14"]
[Round "4.33"]
[Board "3"]
[White "Vasquez Schroeder, Rodrigo"]
[Black "Mieles Palau, Daniel"]
[Result "1/2-1/2"]
[WhiteElo "2457"]
[BlackElo "2321"]
[PlyCount "83"]
[EventDate "2024.09.11"]
[WhiteTeam "Chile"]
[BlackTeam "Ecuador"]
[WhiteTeamCountry "CHI"]
[BlackTeamCountry "ECU"]

1. Nf3 c5 2. c4 g6 3. e4 Nc6 4. d4 cxd4 5. Nxd4 Nf6 6. Nc3 d6 7. f3 Nxd4 8. Qxd4 Bg7 9. Be3 O-O 10. Qd2 Be6 11. Nb5 a5 12. Rc1 a4 13. Be2 Nd7 14. Kf2 ({RR} 14. O-O Nc5 15. Rfd1 Qa5 16. Nd4 Rfc8 17. Nxe6 Nxe6 18. Qxa5 Rxa5 19. Rc2 Raa8 20. f4 a3 21. b3 Nc5 22. Bxc5 Rxc5 23. Rd5 Rac8 24. Bd3 Rxd5 25. cxd5 Rxc2 26. Bxc2 {½-½ Aronian,L (2742)-Mamedov,R (2633) Julius Baer Rapid Div 2 W 2023 (1.2)}) 14... Qa5 15. Rhd1 Rfc8 $146 ({RR} 15... Qxd2 16. Rxd2 Rfc8 17. Rdc2 Nc5 18. Nd4 Bd7 19. g4 Rc7 20. Nb5 Bxb5 21. cxb5 Rac8 22. Kg2 Kf8 23. b4 axb3 24. axb3 Ne6 25. Rxc7 Rxc7 26. Rxc7 Nxc7 27. Bb6 Ne6 28. Bc4 Nd4 29. Kf2 g5 30. Ke3 {1-0 Sanchez Alvares,K (2215)-Niekras,D (2309) Titled Tuesday intern op 27th Sep Early blitz 2022 (5)}) 16. Nd4 Nc5 17. Bf1 Qxd2+ 18. Rxd2 Na6 19. b3 axb3 20. axb3 Nc5 21. Rb1 Ra3 22. Nxe6 Nxe6 23. g3 Rca8 24. Rdd1 Ra2+ 25. Kg1 Rc2 26. Rd3 Raa2 27. b4 Rxc4 28. Rxd6 Rc3 29. Rd2 Rxd2 30. Bxd2 Rxf3 31. Kg2 Ra3 32. Bc4 Nd4 33. b5 e6 34. b6 Bf8 35. Rb2 h5 36. Bf4 Bc5 37. Be5 Nf3 38. Bf6 g5 39. Rb5 Be3 40. Be2 Nd4 41. Bxd4 Bxd4 42. Rxg5+ 1/2-1/2

[Event "45th Olympiad 2024"]
[Site "Budapest HUN"]
[Date "2024.09.14"]
[Round "4.33"]
[Board "4"]
[White "Munoz Sanchez, Miguel"]
[Black "Lopez Silva, Hugo"]
[Result "1/2-1/2"]
[WhiteElo "2181"]
[BlackElo "2379"]
[PlyCount "71"]
[EventDate "2024.09.11"]
[WhiteTeam "Ecuador"]
[BlackTeam "Chile"]
[WhiteTeamCountry "ECU"]
[BlackTeamCountry "CHI"]

1. e4 e5 2. Nf3 Nc6 3. d4 exd4 4. Nxd4 Bc5 5. Nb3 Bb6 6. Nc3 Nge7 7. Qe2 O-O 8. Be3 f5 9. exf5 ({RR} 9. O-O-O f4 10. Bxb6 axb6 11. f3 d6 12. a3 Be6 13. Qd2 Bxb3 14. cxb3 Ne5 15. Kb1 Rf6 16. Bc4+ Kh8 17. Rhe1 c6 18. Bf1 b5 19. Ne2 Qf8 20. Nd4 Qf7 21. Qc3 Qg6 22. Nc2 Qh5 23. h3 Nf7 {½-½ Gabuzyan,H (2616)-Xiong,J (2712) Saint Louis Winter-A 2019 (3)}) ({RR} 9. O-O-O f4 10. Bxb6 axb6 11. f3 d6 12. Kb1 Be6 13. Nd4 Nxd4 14. Rxd4 Nc6 15. Rd1 Ne5 16. Qe1 Qe7 17. Be2 c6 18. a3 b5 19. Qd2 Rad8 20. Qc1 Rf6 21. Rd2 Kh8 22. h3 Bg8 23. Qe1 Ra8 {0-1 Mendes Aaron Reeve (2309)-Kamsky,G (2616) Titled Tue 12th Mar Late 2024 (10)}) 9... Bxe3 10. Qxe3 Nxf5 11. Qd2 $146 ({RR} 11. Bc4+ Kh8 12. Qd2 Re8+ 13. Be2 a5 14. a4 Nb4 15. O-O-O d6 16. g4 Nh4 17. f4 Be6 18. Nd4 Bg8 19. f5 d5 20. Nf3 c5 21. Nxh4 Qxh4 22. Bf3 Rad8 23. Kb1 d4 24. Ne4 d3 25. cxd3 Rxd3 {½-½ Caspi,I (2489)-Kamsky,G (2674) Titled Tuesday intern op 11th Aug blitz 2020 (10)}) 11... a5 12. a4 d6 13. O-O-O Be6 14. f4 Kh8 15. g4 Bxb3 16. cxb3 Nfd4 17. Bc4 Qh4 18. h3 Rae8 19. Kb1 Nf3 20. Qc1 Ncd4 21. Bd5 Qg3 22. f5 Re5 23. Rd3 Rfe8 24. Bxf3 Nxf3 25. Ka2 Qg2 26. f6 gxf6 27. Qf4 Ne1 28. Rxe1 Rxe1 29. Qxf6+ Kg8 30. Rf3 R1e6 31. Qf7+ Kh8 32. Nd5 Qc2 33. Nxc7 Re1 34. Qf6+ Kg8 35. Qf7+ Kh8 36. Qf6+ 1/2-1/2

[Event "45th Olympiad 2024"]
[Site "Budapest HUN"]
[Date "2024.09.14"]
[Round "4.34"]
[Board "1"]
[White "Berend, Fred"]
[Black "Fawzy, Adham"]
[Result "1-0"]
[WhiteElo "2230"]
[BlackElo "2507"]
[PlyCount "139"]
[EventDate "2024.09.11"]
[WhiteTeam "Luxembourg"]
[BlackTeam "Egypt"]
[WhiteTeamCountry "LUX"]
[BlackTeamCountry "EGY"]

1. e4 c5 2. Nf3 Nc6 3. Bb5 g6 4. O-O Bg7 5. c3 Nf6 6. Re1 O-O 7. h3 e5 8. d4 exd4 9. cxd4 d5 10. e5 Ne4 11. Bxc6 ({RR} 11. Nc3 Be6 12. Bxc6 bxc6 13. dxc5 Nxc5 14. Bg5 Qc7 15. Rc1 h6 16. Be3 Nb7 17. Nxd5 Qd8 18. Nf6+ Bxf6 19. exf6 Qxf6 20. Rxc6 Qxb2 21. Bd4 Qa3 22. Qd2 Rfd8 23. Rexe6 fxe6 24. Qxh6 {1-0 Riff,J (2405)-Ollier,M (2179) TCh-FRA Top 16 GpB 2024 (5.7)}) 11... bxc6 12. dxc5 $146 ({RR} 12. Be3 cxd4 13. Nxd4 Bb7 14. f3 c5 15. Nb3 c4 16. Nc5 Nxc5 17. Bxc5 Re8 18. Bd4 Qc7 19. f4 g5 20. Nc3 gxf4 21. Qg4 Re6 22. Nb5 Qd7 23. Nc3 Rae8 24. Ne2 h5 25. Qf5 Bc8 26. Qxf4 Bxe5 {½-½ Stocko,J (2304)-Dobosz,H (2408) Oberliga Baden 1920 2019 (6.2)}) ({RR} 12. Nbd2 Nxd2 13. Bxd2 cxd4 14. Bb4 Re8 15. Qxd4 Bf5 16. Qf4 Qd7 17. Bd6 h6 18. Rac1 Rac8 19. b4 Be4 20. Nd4 g5 21. Qg3 f6 22. e6 Qb7 23. e7 f5 24. Ne6 Qd7 25. Nc5 f4 26. Nxd7 fxg3 {0-1 Priasmoro,N (2502)-Djukic,N (2525) Titled Tuesday intern op 7th July blitz 2020 (10)}) 12... Nxc5 13. Qc2 Ne6 14. Qxc6 Rb8 15. Nbd2 Bb7 16. Qa4 d4 17. b3 Nc5 18. Qc4 Rc8 19. Ba3 Ne6 20. Qb5 Bc6 21. Qa6 Re8 22. Rac1 Qd7 23. Qd3 Nf4 24. Qxd4 Qxd4 25. Nxd4 Bxg2 26. Rxc8 Rxc8 27. Kh2 Bd5 28. Bd6 Nd3 29. Re2 Bh6 30. Ne4 Bf4+ 31. Ng3 h5 32. h4 g5 33. Ndf5 Rc1 34. Ne7+ Kh7 35. Nxd5 gxh4 36. Nxf4 Nxf4 37. Re4 hxg3+ 38. Kxg3 Ne6 39. Ra4 Rg1+ 40. Kh2 Rg7 41. Be7 a5 42. Kh1 Kg6 43. Bf6 Rg8 44. Rxa5 Nf4 45. Bh4 Rc8 46. Bg3 Nd3 47. Kg2 Rc3 48. Ra4 Kg5 49. Rc4 Ne1+ 50. Kf1 Rxc4 51. bxc4 Nf3 52. Kg2 Kg4 53. c5 Nd4 54. f3+ Kf5 55. a4 h4 56. Bh2 h3+ 57. Kf2 Ke6 58. f4 Kd5 59. Kg3 Ne6 60. Kxh3 Nxc5 61. a5 Ke6 62. Kg4 f5+ 63. Kg5 Na6 64. Bg1 Nc7 65. Bb6 Nd5 66. Bd8 Nb4 67. Bc7 Nd5 68. Bd6 Nc3 69. a6 Nb5 70. Bb8 1-0

[Event "45th Olympiad 2024"]
[Site "Budapest HUN"]
[Date "2024.09.14"]
[Round "4.34"]
[Board "2"]
[White "Wageih, Kareim"]
[Black "Berend, Elvira"]
[Result "0-1"]
[WhiteElo "2402"]
[BlackElo "2219"]
[PlyCount "100"]
[EventDate "2024.09.11"]
[WhiteTeam "Egypt"]
[BlackTeam "Luxembourg"]
[WhiteTeamCountry "EGY"]
[BlackTeamCountry "LUX"]

1. d4 Nf6 2. Nf3 d5 3. Bf4 c5 4. e3 Nc6 5. Nbd2 cxd4 6. exd4 Qb6 7. Nb3 Bg4 8. Be2 Bxf3 9. Bxf3 e6 10. O-O Be7 11. a4 a6 12. a5 Qd8 13. c3 O-O 14. Re1 ({RR} 14. Be2 b6 15. axb6 Qxb6 16. Ra2 Rfc8 17. Nd2 a5 18. Qa4 Ne8 19. Rfa1 h6 20. Qb5 Qd8 21. Nb3 Bd6 22. Be3 Nf6 23. g3 Rab8 24. Qa4 Qb6 25. Nc5 Bxc5 26. dxc5 Qb7 27. b4 d4 28. cxd4 Nxb4 {½-½ Obgolts,E (2420)-Pingin,A (2423) VN Startsev Mem Rapid 2024 (10.5)}) 14... Ne8 $146 ({RR} 14... Bd6 15. Bxd6 Qxd6 16. Nc5 Qc7 17. b4 Nd7 18. Nd3 Na7 19. Rc1 Nb5 20. Qd2 Rac8 21. Re3 Nd6 22. Re2 Nc4 23. Qe1 b6 24. axb6 Qxb6 25. Nc5 Nxc5 26. dxc5 Qc7 27. Ra2 a5 28. Be2 axb4 29. Bxc4 {1-0 Salinas Herrera,P (2514)-Iskusnyh,S (2473) Titled Tuesday intern op 01st Dec blitz 2020 (11)}) 15. Be2 Bg5 16. Bxg5 Qxg5 17. Nc5 Nd6 18. Bd3 Rfe8 19. Qa4 Rac8 20. Re3 Qd8 21. b4 e5 22. dxe5 Rxe5 23. Rae1 Rxe3 24. Rxe3 Nxa5 25. Qd1 g6 26. Re5 Ne8 27. Be2 Nf6 28. g4 Qc7 29. Re3 Nc4 30. Bxc4 dxc4 31. Qd4 Qc6 32. g5 b6 33. gxf6 bxc5 34. bxc5 h6 35. Qf4 Rd8 36. Re1 Kh7 37. Qxc4 Rd5 38. h4 Qxc5 39. Qxa6 Rf5 40. Re3 Rf4 41. Qa2 Rxf6 42. Qa4 Qf5 43. f3 Rd6 44. Kf2 Rd2+ 45. Kg3 Qb1 46. Qg4 Qg1+ 47. Kf4 Qh2+ 48. Qg3 g5+ 49. hxg5 hxg5+ 50. Kg4 f5+ 0-1